Statistics for Top 15 Celebrities Born In 1992

Click here to take the quiz!

General Stats

  • This quiz has been taken 144 times
    (110 since last reset)
  • The average score is 8 of 15

Answer Stats

Answer% Correct
Selena Gomez
92%
Miley Cyrus
90%
Cardi B
84%
Marshmello
73%
Sam Smith
73%
Nick Jonas
72%
Demi Lovato
67%
Taylor Lautner
61%
Cole Sprouse
52%
Josh Hutcherson
39%
Jennette McCurdy
34%
Sssniperwolf
34%
21 Savage
18%
Hannah Stocking
12%
LDShadowLady
9%

Score Distribution

Percentile by Number Answered

Percent of People with Each Score

Your Score History

You have not taken this quiz since the last reset